| 000 | 01293naa a2200349 c 4500 | ||
|---|---|---|---|
| 001 | 31060 | ||
| 003 | ES-MaCES | ||
| 005 | 20220207144653.0 | ||
| 008 | 990421n sp ||| | spa d | ||
| 035 | _aCES19990000369v | ||
| 040 |
_aES-MaCES _bspa _cES-MaCES |
||
| 100 | 1 |
_aNúñez Feijoo, Alberto _919774 |
|
| 245 | 1 | 3 |
_aEl sistema de financiación de la sanidad pública reflejado en el presupuesto de 1998 _cAlberto Núñez Feijoo |
| 610 | 2 | 7 |
_aInstituto Nacional de la Salud (España) _2 _94282 |
| 650 | 4 |
_acuadros estadísticos _928890 |
|
| 650 | 4 |
_a1998-2001 _931298 |
|
| 650 | 4 |
_apresupuesto nacional _928073 |
|
| 650 | 4 |
_aComunidades Autónomas _930768 |
|
| 650 | 4 |
_aEspaña _926964 |
|
| 650 | 4 |
_ainversión _928141 |
|
| 650 | 4 |
_afondo _929796 |
|
| 650 | 4 |
_afinanciación de la seguridad social _930265 |
|
| 650 | 4 |
_aadministración de la seguridad social _930264 |
|
| 650 | 4 |
_agestión de los sistemas de asistencia sanitaria _930670 |
|
| 650 | 4 |
_aservicio de salud _927058 |
|
| 650 | 4 |
_aasistencia médica _930272 |
|
| 653 | 1 | 0 | _aSalud |
| 773 | 0 |
_tPresupuesto y gasto público _gN. 21 (1997-1998){10190 R. 029547}; p. 123-133 _w(ES-MaCES)25206 _941887 |
|
| 902 | _aART Artículo de revista | ||
| 942 |
_2CES _cAR _h3.1. |
||
| 999 |
_c31060 _d31060 |
||